000 00636nam a2200205Ia 4500
003 OSt
005 20260627114620.0
008 210210b2005 xxu||||| |||| 00| 0 eng d
040 _cAL
041 _aKannada
082 _a361.06K GANK
100 _aGANGADHARA BELLARE.
_dಗಂಗಾಧರ ಬೆಳ್ಳಾರೆ
_9266046
245 _aKalike hadiya magu: kiru lekhanagalu.
_bಕಲಿಕೆ ಹಾದಿಯ ಮಗು: ಕಿರು ಲೇಖನಗಳು
260 _aPutturu
_bSharada buk haus
_c2005
300 _ax,70
650 _aCounselling
_9266047
690 _aSocial Work
_9266048
906 _a060370
942 _2ddc
_cBK
999 _c107152
_d107152